アメダス観測点の読み方(北海道南) - Statistics

General Stats
  • This quiz has been taken 69 times
  • The average score is 39 of 50
Answer Stats
観測点 読み方 振興局 % Correct
函館 はこだて 渡島
100%
長万部 おしゃまんべ 渡島
100%
苫小牧 とまこまい 胆振
100%
伊達 だて 胆振
100%
登別 のぼりべつ 胆振
100%
標茶 しべちゃ 釧路
100%
羅臼 らうす 根室
98%
江差 えさし 檜山
98%
木古内 きこない 渡島
98%
白老 しらおい 胆振
98%
洞爺湖温泉 とうやこおんせん 胆振
96%
足寄 あしょろ 十勝
95%
静内 しずない 日高
95%
上標津 かみしべつ 根室
95%
白糠 しらぬか 釧路
93%
糠内 ぬかない 十勝
91%
上札内 かみさつない 十勝
91%
納沙布 のさっぷ 根室
91%
鵡川 むかわ 胆振
89%
弟子屈 てしかが 釧路
89%
川湯 かわゆ 釧路
89%
鹿追 しかおい 十勝
88%
安平 あびら 胆振
88%
厚真 あつま 胆振
88%
阿寒湖畔 あかんこはん 釧路
88%
別海 べつかい 根室
86%
今金 いまかね 檜山
86%
厚床 あっとこ 根室
80%
大樹 たいき 十勝
79%
仁世宇 にせう 日高
79%
知内 しりうち 渡島
79%
幌満 ほろまん 日高
77%
三石 みついし 日高
77%
大岸 おおきし 胆振
77%
榊町 さかきまち 釧路
75%
柏倉 かしわくら 十勝
71%
塘路 とうろ 釧路
71%
茶内原野 ちゃないげんや 釧路
68%
糸櫛別 いとくしべつ 根室
64%
千軒 せんげん 渡島
64%
戸井泊 といとまり 渡島
63%
うずら 檜山
54%
上螺湾 かみらわん 十勝
46%
留真 るしん 十勝
43%
知方学 ちっぽまない 釧路
41%
中杵臼 なかきねうす 日高
38%
小利別 しょうとしべつ 十勝
34%
中徹別 なかてしべつ 釧路
25%
川汲 かっくみ 渡島
21%
押帯 おしょっぷ 十勝
11%
No matching quizzes found
Score Distribution
Percent of People with Each Score
Percentile by Number Answered
Your Score History
You have not taken this quiz